| 000 | 00389nam a22001577a 4500 | ||
|---|---|---|---|
| 999 |
_c145115 _d145115 |
||
| 020 | _a9788188935178 | ||
| 082 |
_aH1 _bKES/S |
||
| 100 | _aKesharinath Tripathi | ||
| 245 |
_aSanchayita/ _cby Kesharinath Tripathi |
||
| 260 |
_aAllahabad: _bVachan Publication, _c2015. |
||
| 300 | _a456p. | ||
| 650 | _aPoetry Hindi | ||
| 650 | _aLiterature Hindi | ||
| 650 | _aLiterature | ||
| 942 | _cBK | ||